Design of logic systems (Record no. 63448)

MARC details
000 -LEADER
fixed length control field 01139nam a2200193 a 4500
008 - FIXED-LENGTH DATA ELEMENTS--GENERAL INFORMATION
fixed length control field 120416s0000 ||||||||||||||||| || u
020 ## - INTERNATIONAL STANDARD BOOK NUMBER
International Standard Book Number 0442306296
050 ## - LIBRARY OF CONGRESS CALL NUMBER
Classification number TK 7868.S9 Lew
100 ## - MAIN ENTRY--PERSONAL NAME
Personal name Lewin, Douglas
245 10 - TITLE STATEMENT
Title Design of logic systems
260 ## - PUBLICATION, DISTRIBUTION, ETC.
Place of publication, distribution, etc. Berkshire
Name of publisher, distributor, etc. ELSB/Van Nostrand Reinhold
Date of publication, distribution, etc. 1985
300 ## - PHYSICAL DESCRIPTION
Extent ix,578p. : ill.
350 ## -
-- 0.00
995 ## -
-- BINDERY (DAMAGED)
-- 0.00
-- 717768
-- CBU-MAIN LIBRARY (Kitwe)
-- 3
-- 4.95
-- TK 7868.S9 Lew
-- 5
-- DAMAGED
-- 016642
-- Main Library Open Access Collection
995 ## -
-- BINDERY (DAMAGED)
-- 0.00
-- 713868
-- CBU-MAIN LIBRARY (Kitwe)
-- 2
-- 4.95
-- TK 7868.S9 Lew
-- 4
-- DAMAGED
-- 016641
-- Main Library Open Access Collection
995 ## -
-- BINDERY (DAMAGED)
-- 0.00
-- 713869
-- CBU-MAIN LIBRARY (Kitwe)
-- 1
-- 4.95
-- TK 7868.S9 Lew
-- 1
-- DAMAGED
-- 016638
-- Main Library Open Access Collection
995 ## -
-- BINDERY (DAMAGED)
-- 0.00
-- 711778
-- CBU-MAIN LIBRARY (Kitwe)
-- 5
-- 4.95
-- TK 7868.S9 Lew
-- 3
-- DAMAGED
-- 016640
-- Main Library Open Access Collection
995 ## -
-- MAIN LIBRARY OPEN ACCESS
-- 0.00
-- 711779
-- CBU-MAIN LIBRARY (Kitwe)
-- 4
-- 4.95
-- TK 7868.S9 Lew
-- 2
-- AVAILABLE
-- 016639
-- Main Library Open Access Collection
999 ## -
-- 63448
-- 63448
Holdings
Withdrawn status Lost status Source of classification or shelving scheme Damaged status Not for loan Permanent Location Current Location Shelving location Date acquired Total Checkouts Full call number Barcode Date last seen Price effective from Koha item type
          CBU-MAIN LIBRARY, KITWE. CBU-MAIN LIBRARY, KITWE.   12/24/2022   TK 7868.S9 Lewc 016642 12/24/2022 12/24/2022 MONOGRAPH
          CBU-MAIN LIBRARY, KITWE. CBU-MAIN LIBRARY, KITWE.   12/24/2022   TK 7868.S9 Lewc 016641 12/24/2022 12/24/2022 MONOGRAPH
          CBU-MAIN LIBRARY, KITWE. CBU-MAIN LIBRARY, KITWE.   12/24/2022   TK 7868.S9 Lewc 016638 12/24/2022 12/24/2022 MONOGRAPH
          CBU-MAIN LIBRARY, KITWE. CBU-MAIN LIBRARY, KITWE.   12/24/2022   TK 7868.S9 Lewc 016640 12/24/2022 12/24/2022 MONOGRAPH
          CBU-MAIN LIBRARY, KITWE. CBU-MAIN LIBRARY, KITWE.   12/24/2022   TK 7868.S9 Lewc 016639 12/24/2022 12/24/2022 MONOGRAPH